[Event "2BLS 2324 TSV Schönaich - Heilbronner S"]
[Site "?"]
[Date "2024.02.04"]
[Round "6.8"]
[White "Keilhack, Harald"]
[Black "Huber, Philipp"]
[Result "0-1"]
[WhiteElo "2234"]
[BlackElo "2292"]
[PlyCount "138"]
[EventDate "2024.??.??"]

1. Nf3 Nf6 2. c4 g6 3. Nc3 Bg7 4. e4 d6 5. d4 O-O 6. Be2 Na6 7. O-O e5 8. Be3 Qe7 9. dxe5 dxe5 10. Nd5 Qd8 11. Nxf6+ Qxf6 12. c5 Qc6 13. Nd2 Rd8 14. a3 Qe8 15. Qc2 Nb8 16. Bg5 f6 17. Bc4+ Kh8 18. Be3 Nc6 19. b4 Nd4 20. Qb2 b5 21. cxb6 axb6 22. b5 Bb7 23. f3 f5 24. Rfe1 Qd7 25. Bg5 Rf8 26. Be3 Qd6 27. Bxd4 exd4 28. Bd3 fxe4 29. Nxe4 Qe7 30. Qb4 Qh4 31. Rac1 Rf7 32. Rc2 Raf8 33. Rce2 Qd8 34. Ng3 Bh6 35. Nf1 Qf6 36. Be4 Bc8 37. Rd1 Bg7 38. Bd3 Rd8 39. a4 Bf8 40. Qc4 Bd6 41. Rde1 Rff8 42. Kh1 Bb7 43. Be4 Bc8 44. Bd3 Bd7 45. Re4 Bc5 46. R4e2 Bd6 47. Re4 Rfe8 48. Rxe8+ Rxe8 49. Re4 Rxe4 50. Bxe4 Be6 51. Qd3 Qe5 52. g3 Qc5 53. Kg2 Qb4 54. Qc2 Bb3 55. Qc6 Bc4 56. Qe8+ Kg7 57. Qd7+ Bf7 58. Bd5 Be7 59. Bxf7 Kxf7 60. Qxc7 Qxa4 61. Qxb6 Qc2+ 62. Kh3 Qf2 63. Kg4 Qxf1 64. Qxd4 Qxb5 65. Kh3 Qf1+ 66. Kg4 h5+ 67. Kf4 Qc1+ 68. Ke4 Qc2+ 69. Kd5 Qf5+ 0-1

[Event "2BLS 2324 SK Schmiden/Cannstatt - SF Bad"]
[Site "?"]
[Date "2024.02.04"]
[Round "6.1"]
[White "Kazakouski, Valery"]
[Black "Kabisch, Thilo"]
[Result "1-0"]
[WhiteElo "2596"]
[BlackElo "2226"]
[PlyCount "57"]
[EventDate "2024.??.??"]

1. d4 Nf6 2. c4 g6 3. Nc3 Bg7 4. e4 O-O 5. h3 c5 6. Nf3 cxd4 7. Nxd4 Nc6 8. Be3 Qa5 9. Nb3 Qd8 10. Be2 d6 11. Nd4 Nxd4 12. Bxd4 Qa5 13. O-O Be6 14. a3 Rfc8 15. Nd5 Qd8 16. Nxf6+ exf6 17. Rc1 Rc6 18. Qd2 Rac8 19. b3 b6 20. Rfd1 Qe7 21. a4 h5 22. Rc3 Kh7 23. Qb2 Bh6 24. Rcd3 f5 25. Bf6 Qf8 26. Bf3 Bf4 27. e5 d5 28. cxd5 Rc2 29. Qd4 1-0

[Event "2BLS 2324 SK Schmiden/Cannstatt - SF Bad"]
[Site "?"]
[Date "2024.02.04"]
[Round "6.2"]
[White "Trachtmann, Mark"]
[Black "Rakotomaharo, Fy Antenaina"]
[Result "0-1"]
[WhiteElo "2230"]
[BlackElo "2457"]
[PlyCount "58"]
[EventDate "2024.??.??"]

1. d4 d5 2. c4 e6 3. Nc3 Bb4 4. cxd5 exd5 5. Bf4 Nf6 6. e3 O-O 7. Bd3 c5 8. dxc5 Bxc3+ 9. bxc3 Qa5 10. Ne2 Qxc5 11. O-O Nc6 12. Qb3 Re8 13. Rfd1 h6 14. h3 Qe7 15. Rab1 Na5 16. Qa4 b6 17. Bb5 Rd8 18. Qb4 Qb7 19. Be5 Ne4 20. f3 Nc5 21. Nd4 Qe7 22. Bf4 Bd7 23. Re1 Bxb5 24. Qxb5 Rac8 25. Rbd1 Qd7 26. Qb4 Na4 27. Nb5 Rc4 28. Qb1 a6 29. Nd6 Rxf4 0-1

[Event "2BLS 2324 SK Schmiden/Cannstatt - SF Bad"]
[Site "?"]
[Date "2024.02.04"]
[Round "6.3"]
[White "Ikonnikov, Vyacheslav"]
[Black "Krockenberger, Martin"]
[Result "1-0"]
[WhiteElo "2453"]
[BlackElo "2120"]
[PlyCount "85"]
[EventDate "2024.??.??"]

1. d4 Nf6 2. Nf3 g6 3. c4 Bg7 4. Nc3 O-O 5. e4 d6 6. Be2 e5 7. d5 a5 8. Be3 Ng4 9. Bg5 f6 10. Bh4 Nh6 11. Nd2 Na6 12. Bd3 Bd7 13. f3 Nf7 14. Qe2 c6 15. a3 Nc5 16. Bc2 cxd5 17. Nxd5 Bc6 18. O-O Ne6 19. Bf2 Nf4 20. Nxf4 exf4 21. Nb3 Re8 22. Qd2 g5 23. Nd4 Bd7 24. Rfd1 Bf8 25. Rac1 Qb8 26. Bb3 Kg7 27. Qc2 a4 28. Ba2 Rc8 29. e5 Nxe5 30. Bb1 Ng6 31. Nf5+ Bxf5 32. Qxf5 Qc7 33. Bd4 Qf7 34. Be4 Rc7 35. Qxg5 d5 36. cxd5 Bc5 37. Rxc5 Rxc5 38. h4 Rc4 39. Qg4 h5 40. Qf5 Rd8 41. Bc3 Rc5 42. Qxh5 Rh8 43. Qg4 1-0

[Event "2BLS 2324 SK Schmiden/Cannstatt - SF Bad"]
[Site "?"]
[Date "2024.02.04"]
[Round "6.4"]
[White "Holzhaeuer, Mathias"]
[Black "Razafindratsima, Timothe"]
[Result "0-1"]
[WhiteElo "2226"]
[BlackElo "2432"]
[PlyCount "102"]
[EventDate "2024.??.??"]

1. e4 c5 2. Nc3 Nc6 3. Bb5 Nd4 4. Bc4 a6 5. Nge2 b5 6. Bd5 Rb8 7. d3 e6 8. Bb3 Nxb3 9. axb3 b4 10. Nb1 Bb7 11. O-O Be7 12. Ng3 d6 13. Nd2 Nf6 14. f4 h5 15. h3 h4 16. Ne2 Ng8 17. f5 exf5 18. Rxf5 Bf6 19. Rf1 Ne7 20. Nf3 Ng6 21. Kh1 Ra8 22. c4 bxc3 23. Nxc3 O-O 24. d4 Re8 25. d5 a5 26. Re1 Ba6 27. Ra4 Rb8 28. Nd2 Ne5 29. Nc4 Rb4 30. Nxe5 Bxe5 31. Ra3 Bxc3 32. bxc3 Rbxe4 33. Rxe4 Rxe4 34. c4 Bc8 35. Bd2 Rd4 36. Qe2 Bf5 37. Rxa5 Rd3 38. Rb5 Bg6 39. Rb7 Qf6 40. Rb8+ Kh7 41. Be1 Qd4 42. Re8 Rxb3 43. Qg4 Qxg4 44. hxg4 Bd3 45. Kg1 Bxc4 46. Rd8 Rb1 47. Kf2 Rb2+ 48. Kf3 Bxd5+ 49. Kf4 Rxg2 50. Bxh4 Be6 51. g5 Rg4+ 0-1

[Event "2BLS 2324 SK Schmiden/Cannstatt - SF Bad"]
[Site "?"]
[Date "2024.02.04"]
[Round "6.5"]
[White "Neuman, Petr"]
[Black "Eisele, Steffen"]
[Result "1-0"]
[WhiteElo "2390"]
[BlackElo "2209"]
[PlyCount "73"]
[EventDate "2024.??.??"]

1. d4 g6 2. c4 Bg7 3. e4 d6 4. Ne2 Nf6 5. Nec3 O-O 6. Be2 e5 7. d5 Nbd7 8. Bg5 h6 9. Be3 Nc5 10. Nd2 a5 11. b3 Ne8 12. O-O f5 13. f3 f4 14. Bf2 Rf7 15. a3 Bf8 16. b4 axb4 17. axb4 Rxa1 18. Qxa1 Na6 19. Qa5 b6 20. Qa3 Nb8 21. Nb5 Ba6 22. Qa4 Bxb5 23. Qxb5 Nd7 24. Ra1 g5 25. Ra7 h5 26. Qa6 Ndf6 27. Ra8 Qe7 28. Qc8 Qd7 29. Bd1 Qxc8 30. Rxc8 Rg7 31. Ba4 Kf7 32. Kf1 Be7 33. Nb1 Rg8 34. Nc3 g4 35. Bc6 g3 36. Bg1 h4 37. h3 1-0

[Event "2BLS 2324 SK Schmiden/Cannstatt - SF Bad"]
[Site "?"]
[Date "2024.02.04"]
[Round "6.6"]
[White "Loehr, Markus"]
[Black "Vlasak, Lukas"]
[Result "1/2-1/2"]
[WhiteElo "2197"]
[BlackElo "2455"]
[PlyCount "63"]
[EventDate "2024.??.??"]

1. d4 d5 2. Nf3 e6 3. c4 a6 4. cxd5 exd5 5. Nc3 c6 6. Bf4 Bd6 7. Bxd6 Qxd6 8. e3 Ne7 9. Bd3 O-O 10. Qc2 g6 11. O-O Bg4 12. Ne5 Bf5 13. b4 Nd7 14. Nxd7 Qxd7 15. a4 Rac8 16. Rab1 Rfe8 17. Rb3 b5 18. Ra1 Bxd3 19. Qxd3 Nf5 20. axb5 axb5 21. Rba3 Qe7 22. Qb1 h5 23. Ne2 Qg5 24. Qc1 Nd6 25. Ra7 Nc4 26. Rb7 Re7 27. Rba7 Rce8 28. Ra8 Kg7 29. Rxe8 Rxe8 30. Ra6 Qe7 31. Qc3 Rc8 32. h3 1/2-1/2

[Event "2BLS 2324 SK Schmiden/Cannstatt - SF Bad"]
[Site "?"]
[Date "2024.02.04"]
[Round "6.7"]
[White "Nemec, Jachym"]
[Black "Thoma, Christian"]
[Result "1-0"]
[WhiteElo "2396"]
[BlackElo "2212"]
[PlyCount "53"]
[EventDate "2024.??.??"]

1. d4 Nf6 2. c4 e6 3. Nf3 b6 4. a3 Ba6 5. Qc2 Bb7 6. Nc3 c5 7. dxc5 Bxc5 8. Bf4 O-O 9. Rd1 a6 10. e4 Nc6 11. b4 Be7 12. Be2 a5 13. b5 Nb8 14. e5 Ne8 15. h4 f6 16. exf6 gxf6 17. O-O Bxa3 18. Na4 d6 19. Nd4 Ng7 20. Qd3 Bc5 21. Nb3 e5 22. Nbxc5 bxc5 23. Bh6 Qe8 24. Qg3 Qe7 25. Rxd6 Kh8 26. Rfd1 Rg8 27. Bxg7+ 1-0

[Event "2BLS 2324 SK Schmiden/Cannstatt - SF Bad"]
[Site "?"]
[Date "2024.02.04"]
[Round "6.8"]
[White "Scheeff, Volker"]
[Black "Raps, Johannes"]
[Result "1/2-1/2"]
[WhiteElo "1997"]
[BlackElo "2107"]
[PlyCount "79"]
[EventDate "2024.??.??"]

1. e4 e5 2. Nf3 Nc6 3. Bb5 Bc5 4. c3 Qf6 5. O-O Nge7 6. d3 h6 7. Qe2 d6 8. Be3 O-O 9. Nbd2 a6 10. Ba4 Bxe3 11. fxe3 g5 12. d4 Qg7 13. Rf2 f5 14. exf5 Bxf5 15. Raf1 Bg6 16. g3 d5 17. Bb3 Kh7 18. c4 exd4 19. exd4 Nf5 20. cxd5 Ncxd4 21. Qe5 Rfe8 22. Qxg7+ Kxg7 23. g4 Nxf3+ 24. Nxf3 Ne3 25. Rc1 Re7 26. h3 a5 27. a3 Rd8 28. Rd2 Bf7 29. Nd4 Kf6 30. Nb5 c6 31. Rf2+ Kg7 32. d6 Red7 33. Bxf7 Rxf7 34. Nc7 Rdd7 35. Re1 Nc4 36. Re6 Rxf2 37. Kxf2 Nxd6 38. Rxd6 Rxc7 39. Ke3 Re7+ 40. Kd4 1/2-1/2

[Event "2BLS 2324 SC Eppingen - OSG Baden-Baden"]
[Site "?"]
[Date "2024.02.04"]
[Round "6.1"]
[White "Gozzoli, Yannick"]
[Black "Acs, Peter"]
[Result "1-0"]
[WhiteElo "2587"]
[BlackElo "2582"]
[PlyCount "75"]
[EventDate "2024.??.??"]

1. d4 d5 2. c4 c6 3. Nc3 Nf6 4. Nf3 e6 5. Bg5 dxc4 6. e4 b5 7. e5 h6 8. Bh4 g5 9. Nxg5 hxg5 10. Bxg5 Be7 11. exf6 Bxf6 12. Bxf6 Qxf6 13. Be2 Na6 14. a4 Rh4 15. axb5 Rxd4 16. Qc1 Nb4 17. O-O Bb7 18. Bf3 Nd5 19. Ne4 Qe7 20. bxc6 Bxc6 21. Ra6 Nb4 22. Rxc6 Nxc6 23. Nf6+ Kd8 24. Bxc6 Rc8 25. Ng8 Qf8 26. Rd1 Rd3 27. Be4 Rxd1+ 28. Qxd1+ Kc7 29. Nf6 Qb4 30. Qd7+ Kb8 31. g4 a5 32. Qxf7 Rc7 33. Qe8+ Rc8 34. Qxe6 Qxb2 35. Qa6 Qb4 36. Qa8+ Kc7 37. Nd5+ Kd6 38. Qa6+ 1-0

[Event "2BLS 2324 SC Eppingen - OSG Baden-Baden"]
[Site "?"]
[Date "2024.02.04"]
[Round "6.2"]
[White "Noe, Christopher"]
[Black "Dann, Matthias"]
[Result "1/2-1/2"]
[WhiteElo "2526"]
[BlackElo "2474"]
[PlyCount "96"]
[EventDate "2024.??.??"]

1. Nf3 Nf6 2. d4 e6 3. c4 b6 4. g3 Ba6 5. Qb3 Nc6 6. Nbd2 Bb7 7. e4 Bb4 8. d5 exd5 9. cxd5 Bxd2+ 10. Bxd2 Ne7 11. Bd3 O-O 12. O-O Ng6 13. Rfe1 c5 14. dxc6 dxc6 15. e5 Nd7 16. Bxg6 hxg6 17. Qc4 c5 18. Ng5 Nf6 19. exf6 gxf6 20. Ne4 Bxe4 21. Bh6 f5 22. Bxf8 Qxf8 23. Qc3 Qg7 24. Qxg7+ Kxg7 25. Rad1 c4 26. Rd7 a5 27. Re3 Rc8 28. f3 Bc6 29. Ra7 Rd8 30. Ra6 Rd1+ 31. Kf2 Rd2+ 32. Re2 Rd3 33. Re3 Rd2+ 34. Re2 Rd3 35. Rxb6 Rxf3+ 36. Ke1 Be4 37. Rd6 Bb1 38. Rf2 Re3+ 39. Kd2 Re7 40. a3 Rb7 41. Kc3 Ba2 42. Ra6 Rb3+ 43. Kc2 Rd3 44. Rd2 Bb3+ 45. Kc1 Rf3 46. Rg2 Rd3 47. Rd2 Rf3 48. Rg2 Rd3 1/2-1/2

[Event "2BLS 2324 SC Eppingen - OSG Baden-Baden"]
[Site "?"]
[Date "2024.02.04"]
[Round "6.3"]
[White "Martin, Julian"]
[Black "Hacker, Jonas"]
[Result "0-1"]
[WhiteElo "2410"]
[BlackElo "2411"]
[PlyCount "80"]
[EventDate "2024.??.??"]

1. e4 c5 2. Nf3 e6 3. d4 cxd4 4. Nxd4 Nf6 5. Nc3 Nc6 6. Nxc6 bxc6 7. e5 Nd5 8. Ne4 Bb7 9. Be2 Qa5+ 10. Kf1 c5 11. Nd6+ Bxd6 12. exd6 c4 13. Qd4 O-O 14. Bxc4 Ba6 15. b3 Bxc4+ 16. bxc4 Nb6 17. Bb2 f6 18. c5 Na4 19. Ba3 Nc3 20. Bc1 Qb5+ 21. Qd3 Qxc5 22. Be3 Qc6 23. h4 Rfc8 24. Rh3 Qc4 25. h5 a6 26. Bd2 Ne4 27. Be1 Qxd3+ 28. Rxd3 Rxc2 29. Rb1 Rac8 30. Rd4 Nc5 31. Rb6 e5 32. Rd1 Kf7 33. f3 Ke6 34. Bf2 Rxa2 35. Bxc5 Rxc5 36. Rb8 Kf5 37. Rg8 g6 38. hxg6 hxg6 39. Rh8 Rcc2 40. Rh2 Ke6 0-1

[Event "2BLS 2324 SC Eppingen - OSG Baden-Baden"]
[Site "?"]
[Date "2024.02.04"]
[Round "6.4"]
[White "Medvegy, Zoltan"]
[Black "Schmider, Niklas"]
[Result "0-1"]
[WhiteElo "2509"]
[BlackElo "2416"]
[PlyCount "44"]
[EventDate "2024.??.??"]

1. c4 c5 2. Nf3 Nf6 3. Nc3 Nc6 4. g3 d5 5. cxd5 Nxd5 6. Bg2 Nc7 7. a3 e5 8. b4 cxb4 9. axb4 b5 10. O-O Bxb4 11. Nxe5 Nxe5 12. Bxa8 Nxa8 13. Rxa7 Nc7 14. Qb3 Bc5 15. Ra1 O-O 16. d3 Be6 17. Qc2 Bh3 18. Nxb5 Qd5 19. e4 Nf3+ 20. Kh1 Qh5 21. Nxc7 Bxf1 22. h4 Qg4 0-1

[Event "2BLS 2324 SC Eppingen - OSG Baden-Baden"]
[Site "?"]
[Date "2024.02.04"]
[Round "6.5"]
[White "Hagner, Bennet"]
[Black "Guliyev, Namig"]
[Result "1-0"]
[WhiteElo "2320"]
[BlackElo "2509"]
[PlyCount "43"]
[EventDate "2024.??.??"]

1. e4 c5 2. Nf3 d6 3. d4 cxd4 4. Nxd4 Nf6 5. Nc3 Nc6 6. Bg5 e6 7. Qd3 Be7 8. O-O-O Nxd4 9. Qxd4 O-O 10. h4 Qa5 11. f4 e5 12. Qd2 Be6 13. f5 Bxa2 14. Rh3 d5 15. Bxf6 gxf6 16. exd5 Kh8 17. d6 Rfd8 18. Nxa2 Qxa2 19. Ra3 Qxa3 20. bxa3 Rxd6 21. Qxd6 Bxd6 22. Rxd6 1-0

[Event "2BLS 2324 SC Eppingen - OSG Baden-Baden"]
[Site "?"]
[Date "2024.02.04"]
[Round "6.6"]
[White "Gibicar, Danijel"]
[Black "Bellahcene, Bilel"]
[Result "0-1"]
[WhiteElo "2280"]
[BlackElo "2516"]
[PlyCount "72"]
[EventDate "2024.??.??"]

1. d4 Nf6 2. Nf3 e6 3. e3 b6 4. Bd3 Bb7 5. O-O d5 6. Nbd2 Bd6 7. b3 O-O 8. Bb2 Ne4 9. c4 Nxd2 10. Nxd2 Nd7 11. Qc2 Qh4 12. Nf3 Qh5 13. e4 dxc4 14. Bxc4 Rfd8 15. Rfd1 Rac8 16. d5 e5 17. Rac1 a6 18. Be2 Qh6 19. Bc3 Qf6 20. b4 Qe7 21. Qb2 b5 22. Nd2 Nb6 23. a3 c6 24. dxc6 Bxc6 25. Qb3 Bb8 26. Bf3 Bd7 27. Ba1 Rxc1 28. Rxc1 Be6 29. Qe3 Ba7 30. Qe1 f6 31. Bd1 Qf7 32. Rc3 Qd7 33. Bb3 Bxb3 34. Nxb3 Qd1 35. Qf1 Na4 36. Rf3 Qc2 0-1

[Event "2BLS 2324 SC Eppingen - OSG Baden-Baden"]
[Site "?"]
[Date "2024.02.04"]
[Round "6.7"]
[White "Riff, Jean-Noel"]
[Black "Mann, Christian"]
[Result "1/2-1/2"]
[WhiteElo "2405"]
[BlackElo "2385"]
[PlyCount "54"]
[EventDate "2024.??.??"]

1. e4 e6 2. d4 d5 3. Nd2 dxe4 4. Nxe4 Nd7 5. Nf3 Ngf6 6. Nxf6+ Nxf6 7. c3 Bd6 8. Bd3 O-O 9. Bg5 h6 10. Bh4 b6 11. Qe2 Bb7 12. O-O-O Rc8 13. Kb1 c5 14. Bc2 Qc7 15. Bxf6 gxf6 16. d5 Bxd5 17. Rxd5 exd5 18. Qd3 Rfe8 19. Qh7+ Kf8 20. Qxh6+ Ke7 21. Re1+ Be5 22. Nh4 Rh8 23. Nf5+ Kd7 24. Ba4+ Ke6 25. Ng7+ Ke7 26. Nf5+ Ke6 27. Ng7+ Ke7 1/2-1/2

[Event "2BLS 2324 SC Eppingen - OSG Baden-Baden"]
[Site "?"]
[Date "2024.02.04"]
[Round "6.8"]
[White "Hamid, Emran"]
[Black "Burri, Quentin"]
[Result "1/2-1/2"]
[WhiteElo "2171"]
[BlackElo "2403"]
[PlyCount "69"]
[EventDate "2024.??.??"]

1. e4 c5 2. Nf3 d6 3. Bb5+ Nd7 4. c3 Ngf6 5. Qe2 a6 6. Ba4 b5 7. Bc2 Bb7 8. d4 e5 9. d5 Be7 10. O-O O-O 11. b3 Re8 12. a4 bxa4 13. Rxa4 Nf8 14. Nbd2 Ng6 15. Nc4 Bc8 16. Be3 Bd7 17. Ra3 Nh5 18. g3 Bg4 19. Rfa1 Nhf4 20. Bxf4 exf4 21. Rxa6 Rxa6 22. Rxa6 Bf8 23. Qd3 Bxf3 24. Qxf3 Qf6 25. h4 h5 26. Ra7 Rd8 27. Bd1 Be7 28. Kg2 fxg3 29. fxg3 Ne5 30. Qxf6 Bxf6 31. Bxh5 g6 32. Be2 Nxc4 33. Bxc4 Bxc3 34. Kf3 Kg7 35. Bb5 1/2-1/2

[Event "2BLS 2324 SV 1947 Walldorf - SV 1920 Hof"]
[Site "?"]
[Date "2024.02.04"]
[Round "6.1"]
[White "Bosiocic, Marin"]
[Black "Aczel, Gergely"]
[Result "1/2-1/2"]
[WhiteElo "2549"]
[BlackElo "2484"]
[PlyCount "104"]
[EventDate "2024.??.??"]

1. e4 c6 2. d4 d5 3. e5 c5 4. dxc5 e6 5. Bd3 Nd7 6. Nf3 Nxc5 7. Be2 Ne7 8. O-O Bd7 9. Nbd2 Ng6 10. g3 Be7 11. c4 Qb6 12. cxd5 exd5 13. Nb3 Nxb3 14. Qxb3 Qxb3 15. axb3 O-O 16. Be3 Bg4 17. Bd4 f6 18. exf6 Bxf6 19. Bxf6 Rxf6 20. Nd4 Bxe2 21. Nxe2 Re8 22. Rfe1 Rf3 23. Nc3 Rxe1+ 24. Rxe1 d4 25. Kg2 Rd3 26. Rd1 Ne5 27. Rxd3 Nxd3 28. Nb5 Nxb2 29. Kf3 a5 30. Na3 Nd3 31. Nc4 b6 32. Nxb6 Nc5 33. Na4 Nxb3 34. Ke4 Nd2+ 35. Kd3 Nf3 36. h4 Kf7 37. Ke4 Nd2+ 38. Kd3 Nf3 39. Ke4 Nh2 40. Kxd4 Kf6 41. Ke4 Ng4 42. f3 Ne5 43. g4 Nd7 44. f4 g6 45. Kd5 h5 46. gxh5 gxh5 47. Ke4 Nb8 48. f5 Nc6 49. Nc5 Ne7 50. Nd7+ Kf7 51. Nc5 Kf6 52. Nd7+ Kf7 1/2-1/2

[Event "2BLS 2324 SV 1947 Walldorf - SV 1920 Hof"]
[Site "?"]
[Date "2024.02.04"]
[Round "6.2"]
[White "Gschnitzer, Adrian"]
[Black "Saric, Ante"]
[Result "1-0"]
[WhiteElo "2409"]
[BlackElo "2511"]
[PlyCount "93"]
[EventDate "2024.??.??"]

1. e4 e6 2. d4 d5 3. Nc3 Nf6 4. Bg5 dxe4 5. Nxe4 Nbd7 6. Nf3 h6 7. Bxf6 Nxf6 8. Bd3 Nxe4 9. Bxe4 c5 10. Qe2 Qa5+ 11. c3 cxd4 12. Nxd4 Be7 13. Qb5+ Qxb5 14. Nxb5 Kf8 15. O-O-O Bg5+ 16. Kc2 Ke7 17. Rhe1 Bf4 18. g3 a6 19. Nd4 Bc7 20. c4 Rd8 21. f4 Rb8 22. c5 Ba5 23. Re3 Bd7 24. Red3 Bb4 25. Nb3 Ba4 26. Rxd8 Rxd8 27. Rxd8 Kxd8 28. Kd3 Kc7 29. Kc4 Bxb3+ 30. Kxb4 Bd1 31. Ka5 Be2 32. a4 Bc4 33. b4 f5 34. Bf3 g5 35. b5 axb5 36. axb5 g4 37. b6+ Kc8 38. Bd1 Bd5 39. Kb4 h5 40. Kc3 Bf3 41. Ba4 e5 42. fxe5 f4 43. e6 Bd5 44. e7 Bf7 45. e8=Q+ Bxe8 46. Bxe8 h4 47. Bh5 1-0

[Event "2BLS 2324 SV 1947 Walldorf - SV 1920 Hof"]
[Site "?"]
[Date "2024.02.04"]
[Round "6.3"]
[White "Sumets, Andrey"]
[Black "Muckle, Julius"]
[Result "1-0"]
[WhiteElo "2520"]
[BlackElo "2396"]
[PlyCount "43"]
[EventDate "2024.??.??"]

1. d4 d5 2. c4 c6 3. Nf3 Nf6 4. g3 Bf5 5. Nc3 e6 6. Nh4 Be4 7. f3 Bg6 8. Qb3 Qb6 9. c5 Qxb3 10. axb3 Bc2 11. b4 h6 12. e4 dxe4 13. Kd2 Bd3 14. Bxd3 exd3 15. Kxd3 Be7 16. Kc4 Nd5 17. Ng2 Na6 18. b5 Nab4 19. Nxd5 Nxd5 20. bxc6 bxc6 21. Nf4 Bf6 22. Nh5 1-0

[Event "2BLS 2324 SV 1947 Walldorf - SV 1920 Hof"]
[Site "?"]
[Date "2024.02.04"]
[Round "6.4"]
[White "Faerber, David"]
[Black "Shneider, Aleksandr"]
[Result "1/2-1/2"]
[WhiteElo "2385"]
[BlackElo "2470"]
[PlyCount "59"]
[EventDate "2024.??.??"]

1. e4 c5 2. c3 d5 3. exd5 Qxd5 4. d4 e6 5. Nf3 Nf6 6. Na3 Be7 7. Nb5 Na6 8. Be2 O-O 9. Bf4 Bd7 10. O-O Rfd8 11. a4 Bc6 12. Qc2 cxd4 13. Nbxd4 Qe4 14. Qxe4 Bxe4 15. Rfd1 Nc5 16. a5 Nd5 17. Bg3 Rac8 18. c4 Nb4 19. Nb5 a6 20. Nd6 Bxd6 21. Rxd6 Bd3 22. Kf1 Bxe2+ 23. Kxe2 Nc6 24. Ra3 Rxd6 25. Bxd6 Ne4 26. Bf4 f6 27. Bd2 e5 28. Be1 Nd6 29. b3 e4 30. Ng1 1/2-1/2

[Event "2BLS 2324 SV 1947 Walldorf - SV 1920 Hof"]
[Site "?"]
[Date "2024.02.04"]
[Round "6.5"]
[White "Ginsburg, Gennadi"]
[Black "Gschnitzer, Oswald"]
[Result "1-0"]
[WhiteElo "2420"]
[BlackElo "2344"]
[PlyCount "128"]
[EventDate "2024.??.??"]

1. d4 Nf6 2. Nf3 e6 3. c4 b6 4. Bf4 Bb7 5. e3 Bb4+ 6. Nbd2 Be7 7. Bd3 c5 8. dxc5 bxc5 9. O-O O-O 10. Qc2 Nc6 11. a3 h6 12. h3 Qb6 13. Rfd1 Rfd8 14. Rac1 Rac8 15. Bh2 d6 16. Rb1 Ba8 17. Ne4 a5 18. Nxf6+ gxf6 19. Bf4 Kg7 20. Nd2 Ne5 21. Be4 Ng6 22. Bxa8 Rxa8 23. Ne4 Qc6 24. Ng3 f5 25. Nh5+ Kh7 26. Bg3 Rg8 27. Kh2 Rad8 28. Rd2 Qe4 29. Rbd1 Qxc2 30. Rxc2 Rd7 31. f3 a4 32. Be1 Ne5 33. f4 Nc6 34. Bc3 Kg6 35. g4 fxg4 36. hxg4 f5 37. Rg2 Kf7 38. gxf5 Rxg2+ 39. Kxg2 exf5 40. Rd5 Kg6 41. Ng3 Bf8 42. Nxf5 Kf7 43. Kf3 Ke6 44. e4 Rh7 45. Nh4 h5 46. Ng6 Be7 47. f5+ Kf7 48. Nh8+ Ke8 49. f6 Rxh8 50. f7+ Kxf7 51. Bxh8 Na5 52. Rxh5 Nxc4 53. Bc3 Ke6 54. Rh6+ Kd7 55. Rh8 Bg5 56. Ke2 Kc6 57. Ra8 Nb6 58. Ra7 Bc1 59. Kd3 Kb5 60. Ra5+ Kc6 61. Bf6 Bf4 62. Bd8 Bh6 63. Kc2 Be3 64. Bxb6 Kxb6 1-0

[Event "2BLS 2324 SV 1947 Walldorf - SV 1920 Hof"]
[Site "?"]
[Date "2024.02.04"]
[Round "6.6"]
[White "Tompa, Janos"]
[Black "Womacka, Mathias"]
[Result "0-1"]
[WhiteElo "2278"]
[BlackElo "2355"]
[PlyCount "108"]
[EventDate "2024.??.??"]

1. e4 c5 2. c3 d5 3. exd5 Qxd5 4. d4 Nf6 5. Nf3 e6 6. Bd3 Be7 7. O-O O-O 8. Qe2 Nc6 9. c4 Qh5 10. dxc5 Nb4 11. Nc3 Nxd3 12. Qxd3 Rd8 13. Qe2 Qxc5 14. Bg5 Bd7 15. Rad1 Rac8 16. Ne5 Be8 17. h3 h6 18. Bf4 Nd7 19. Ne4 Qa5 20. Nxd7 Rxd7 21. Rxd7 Bxd7 22. Bd6 Bxd6 23. Nxd6 Rf8 24. b3 Bc6 25. Rd1 Rd8 26. Qd2 Qxd2 27. Rxd2 b6 28. Ne4 Rxd2 29. Nxd2 g5 30. f3 f5 31. Kf2 Kf7 32. Ke3 e5 33. Nb1 Ke6 34. Nc3 h5 35. g4 h4 36. gxf5+ Kxf5 37. b4 Bd7 38. Ne4 Be6 39. a3 Kg6 40. Nf2 Bxc4 41. Ke4 Be2 42. Ng4 Bf1 43. Nxe5+ Kh5 44. f4 Bxh3 45. fxg5 Kxg5 46. Nf3+ Kg4 47. Nxh4 Kxh4 48. a4 Kg5 49. Ke5 Kg6 50. a5 b5 51. Kd6 Kf5 52. Kc6 Bf1 53. Kb7 Ke5 54. Kxa7 Kd5 0-1

[Event "2BLS 2324 SV 1947 Walldorf - SV 1920 Hof"]
[Site "?"]
[Date "2024.02.04"]
[Round "6.7"]
[White "Plenca, Julijan"]
[Black "Fichter, Fabian"]
[Result "1-0"]
[WhiteElo "2433"]
[BlackElo "2281"]
[PlyCount "115"]
[EventDate "2024.??.??"]

1. e4 c6 2. d4 d5 3. e5 c5 4. Nf3 cxd4 5. Qxd4 Nc6 6. Qf4 e6 7. Bd3 Nb4 8. O-O Nxd3 9. cxd3 Bd7 10. Nc3 Ne7 11. h4 h6 12. h5 g5 13. hxg6 Nxg6 14. Qh2 Be7 15. Be3 Qa5 16. a3 Qa6 17. Rfd1 Rc8 18. Rac1 b6 19. Qh5 Qb7 20. Nd4 Qb8 21. f4 Rg8 22. Nce2 Ba4 23. Rxc8+ Qxc8 24. Rc1 Qa6 25. Rc3 Bd1 26. f5 Bxe2 27. Nxe2 exf5 28. Qxf5 Nh4 29. Rc8+ Bd8 30. Rxd8+ Kxd8 31. Qf6+ Ke8 32. Qc6+ Ke7 33. Qd6+ Ke8 34. Qb8+ Ke7 35. Qxg8 Qxd3 36. Kf2 Qf5+ 37. Ke1 Qxe5 38. Bd2 Qe4 39. Bb4+ Kf6 40. Bc3+ Ke7 41. Qg3 Kd7 42. Kd2 Nxg2 43. Qh3+ f5 44. Qxh6 f4 45. Qg7+ Kc8 46. Qg4+ Kc7 47. Bd4 Kd6 48. Bf2 Qb1 49. Qg7 b5 50. Bc5+ Kc6 51. Qf6+ Kb7 52. Qe7+ Kc8 53. Qe6+ Kc7 54. Qd6+ Kc8 55. Qc6+ Kd8 56. Qxd5+ Ke8 57. Qxg2 Qxb2+ 58. Ke1 1-0

[Event "2BLS 2324 SV 1947 Walldorf - SV 1920 Hof"]
[Site "?"]
[Date "2024.02.04"]
[Round "6.8"]
[White "Hauser, Carlos"]
[Black "Weber, Ulrich"]
[Result "1/2-1/2"]
[WhiteElo "2216"]
[BlackElo "2329"]
[PlyCount "29"]
[EventDate "2024.??.??"]

1. d4 Nf6 2. c4 g6 3. Nc3 Bg7 4. e4 d6 5. Be2 O-O 6. Nf3 Nbd7 7. O-O e5 8. Re1 c6 9. Bf1 h6 10. b3 exd4 11. Nxd4 Re8 12. g3 Nc5 13. Bg2 a5 14. h3 Bd7 15. Bf4 1/2-1/2

[Event "2BLS 2324 SC Viernheim II - TSV Schott M"]
[Site "?"]
[Date "2024.02.04"]
[Round "6.2"]
[White "Velten, Paul"]
[Black "Lobron, Eric"]
[Result "1/2-1/2"]
[WhiteElo "2460"]
[BlackElo "2476"]
[PlyCount "35"]
[EventDate "2024.??.??"]

1. e4 c6 2. d4 d5 3. e5 Bf5 4. Be3 e6 5. Nd2 Qb6 6. Nb3 a5 7. a4 Bb4+ 8. c3 Be7 9. Be2 h5 10. Nf3 Nh6 11. h3 Nd7 12. Rc1 h4 13. O-O Qd8 14. Nc5 Nxc5 15. dxc5 Be4 16. b4 Bxf3 17. Bxf3 Nf5 18. Bd2 1/2-1/2

[Event "2BLS 2324 SC Viernheim II - TSV Schott M"]
[Site "?"]
[Date "2024.02.04"]
[Round "6.3"]
[White "Cicak, Slavko"]
[Black "Tarlev, Konstantin"]
[Result "1/2-1/2"]
[WhiteElo "2495"]
[BlackElo "2581"]
[PlyCount "23"]
[EventDate "2024.??.??"]

1. c4 e5 2. d3 Nf6 3. Nf3 Nc6 4. a3 d5 5. cxd5 Nxd5 6. Nc3 g6 7. Bd2 Bg7 8. g3 Nxc3 9. Bxc3 O-O 10. Bg2 Be6 11. O-O Nd4 12. Nxd4 {(=)} 1/2-1/2

[Event "2BLS 2324 SC Viernheim II - TSV Schott M"]
[Site "?"]
[Date "2024.02.04"]
[Round "6.4"]
[White "Dobrikov, Marco"]
[Black "Barzen, Pascal"]
[Result "1/2-1/2"]
[WhiteElo "2248"]
[BlackElo "2265"]
[PlyCount "102"]
[EventDate "2024.??.??"]

1. d4 Nf6 2. c4 e6 3. Nf3 Bb4+ 4. Bd2 a5 5. a3 Bxd2+ 6. Nbxd2 d5 7. e3 O-O 8. Qc2 Nbd7 9. Bd3 h6 10. O-O b6 11. cxd5 exd5 12. b4 Bb7 13. Rac1 c6 14. e4 axb4 15. e5 Nh5 16. axb4 Nf4 17. Rfe1 Nxd3 18. Qxd3 Qe7 19. Qf5 Rfe8 20. Qf4 Nf8 21. b5 c5 22. Nf1 Bc8 23. Qg3 Be6 24. Ne3 Ng6 25. h4 cxd4 26. Nxd4 Qxh4 27. Qxh4 Nxh4 28. f4 g6 29. Rc6 Ra4 30. Rd1 Nf5 31. Nexf5 Bxf5 32. Nxf5 gxf5 33. g3 Re6 34. Rxd5 Rxc6 35. bxc6 Rc4 36. Rd6 Kg7 37. c7 b5 38. Rb6 Rxc7 39. Rxb5 Rc6 40. Rb7 Kg6 41. Rd7 f6 42. Rd6 Rxd6 43. exd6 Kf7 44. Kh2 Ke6 45. Kh3 Kxd6 46. Kh4 Kd5 47. Kh5 Ke4 48. Kxh6 Kf3 49. Kg6 Kxg3 50. Kxf5 Kf3 51. Kxf6 Kxf4 1/2-1/2